[Event "VIE-ch U17"]
[Site "Ho Chi Minh City"]
[Date "2022.07.14"]
[Round "5"]
[White "Tran, Tuan Minh1111"]
[Black "Nguyen, Viet Quang"]
[Result "1/2-1/2"]
[WhiteElo "2266"]
[BlackElo "2265"]
[PlyCount "22"]
[EventDate "2022.07.11"]
[EventType "swiss"]
[EventRounds "9"]
[EventCountry "VIE"]
[SourceTitle "EXT 2023"]
[Source "ChessBase"]
[SourceDate "2022.10.05"]
[SourceVersion "1"]
[SourceVersionDate "2022.10.05"]
[SourceQuality "1"]

1. d4 d5 2. Nf3 Nf6 3. Bg5 e6 4. e3 a6 5. Nbd2 Be7 6. c3 Nbd7 7. Bd3 h6 8. Bh4 Nh5 9. Bxe7 Qxe7 10. Nb3 Nhf6 11. 0-0 0-0 1/2-1/2